000 00292nam a22001217a 4500
082 _a823
_bANE/F
100 _aANEKA PUBLICATION
245 _aFOUR-IN ONE JUNIOR CLASSICS
260 _bANEKA PUBLICATIONS & DISTRIBUTORS
520 _aCLASSIC STORIES
650 _aCLASSICS
_zEUROPE
942 _cBK
999 _c7212
_d7212